书目信息 |
| 题名: |
摄影的诀窍
|
|
| 作者: | ;先锋影像 编著 | |
| 分册: | ||
| 出版信息: | 北京 电子工业出版社 2019 |
|
| 页数: | 233页 | |
| 开本: | 26cm | |
| 丛书名: | ||
| 单 册: | ||
| 中图分类: | J406 , TB811 | |
| 科图分类: | ||
| 主题词: | 摄影构图--she ying gou tu , 摄影光学--she ying guang xue | |
| 电子资源: | ||
| ISBN: | 978-7-121-36513-3 | |
| 000 | 01136nam0 2200301 450 | |
| 001 | 012001010756 | |
| 005 | 20191125151944.21 | |
| 010 | @a978-7-121-36513-3@dCNY99.00 | |
| 099 | @aCAL 012019086691 | |
| 100 | @a20190704d2019 em y0chiy50 ea | |
| 101 | 0 | @achi |
| 102 | @aCN@b110000 | |
| 105 | @aa z 000yy | |
| 106 | @ar | |
| 200 | 1 | @a摄影的诀窍@Ashe ying de jue qiao@e构图与用光@f先锋影像编著 |
| 205 | @a第2版 | |
| 210 | @a北京@c电子工业出版社@d2019 | |
| 215 | @a233页@c彩照@d26cm | |
| 300 | @a有艺 | |
| 330 | @a本书分别从用光、构图和实战三个方面详细地介绍了摄影的精髓所在,并通过大量的实例作品,多层次、多角度地介绍了不同的构图技巧和用光方法。本书每一个知识点和理论知识后面都有配合的典型实例,力求使读者更清晰地理解知识与技巧在实际当中是如何应用的,使读者能够身临其境,轻松地学习和掌握摄影中的构图与用光技术。 | |
| 517 | 1 | @a构图与用光@Agou tu yu yong guang |
| 606 | 0 | @a摄影构图@Ashe ying gou tu |
| 606 | 0 | @a摄影光学@Ashe ying guang xue |
| 690 | @aJ406@v5 | |
| 690 | @aTB811@v5 | |
| 711 | 02 | @a先锋影像@AXian feng ying xiang@4编著 |
| 801 | 0 | @aCN@b上海新华@c20191020 |
| 905 | @b1137008-11@dJ406@e413=2@f4 | |
| 摄影的诀窍:构图与用光/先锋影像编著.-第2版.-北京:电子工业出版社,2019 |
| 233页:彩照;26cm |
| 有艺 |
| ISBN 978-7-121-36513-3:CNY99.00 |
| 本书分别从用光、构图和实战三个方面详细地介绍了摄影的精髓所在,并通过大量的实例作品,多层次、多角度地介绍了不同的构图技巧和用光方法。本书每一个知识点和理论知识后面都有配合的典型实例,力求使读者更清晰地理解知识与技巧在实际当中是如何应用的,使读者能够身临其境,轻松地学习和掌握摄影中的构图与用光技术。 |
| ● |
| 相关链接 |
|
|
|
|
正题名:摄影的诀窍
索取号:J406/413=2
 
预约/预借
| 序号 | 登录号 | 条形码 | 馆藏地/架位号 | 状态 | 备注 |
| 1 | 1137008 | 211370087 | 第一样本阅览室/ [索取号:J406/413=2] | 在馆 | |
| 2 | 1137009 | 211370096 | 第一借阅区/ [索取号:J406/413=2] | 在馆 | |
| 3 | 1137010 | 211370103 | 第一借阅区/ [索取号:J406/413=2] | 在馆 | |
| 4 | 1137011 | 211370112 | 第一借阅区/ [索取号:J406/413=2] | 在馆 |